000 00333nam a2200133Ia 4500
008 240624s9999 xx 000 0 und d
041 _aeng
082 _a658.8 GUP
100 _aGUPTA SUDHIR
245 _aMARKETING MANAGEMENT
260 _c2011
_aNew Delhi
_bCentrum Press
300 _avii, : 328 : p. : cm. ; 22
365 _cRS
_b20
999 _c16129
_d16129